Online
Catalog
Normal view MARC view

Entry Nombre personal

Number of records used in: 31

001 - NÚMERO DE CONTROL

  • campo de control: 35151

003 - IDENTIFICADOR DEL NÚMERO DE CONTROL

  • campo de control: BNPHU

005 - FECHA Y HORA DE LA ÚLTIMA TRANSACCIÓN

  • campo de control: 20240322181140.0

008 - DATOS DE LONGITUD FIJA

  • campo de control de longitud fija: 200615|| aca||aabn | a|a d

010 ## - NÚMERO DE CONTROL DE LA BIBLIOTECA DEL CONGRESO

  • Número de control de LC: n 88603879

040 ## - FUENTE DE LA CATALOGACIÓN

  • Centro catalogador/agencia de origen: DO-SdBNP
  • Lengua de catalogación: spa
  • Centro/agencia transcriptor: BNPHU
  • Normas de descripción: rda

100 1# - ENCABEZAMIENTO-NOMBRE DE PERSONA

  • Nombre de persona: Nolasco, Flérida de,
  • Fechas asociadas al nombre: 1891-1976

400 1# - TRAZADO DE VÉASE--NOMBRE DE PERSONA

  • Nombre de persona: De Nolasco, Flérida
  • Numeración: 1891-1976

400 1# - TRAZADO DE VÉASE--NOMBRE DE PERSONA

  • Nombre de persona: García de Nolasco, Flérida
  • Numeración: 1891-1976

670 ## - FUENTE DE DATOS ENCONTRADOS

  • Cita de la fuente: Work cat.: (OSt)15132: Nolasco, Flérida de, 1891-, Santa Teresa de Jesús a través de sus obras /, 1959.

670 ## - FUENTE DE DATOS ENCONTRADOS

  • Cita de la fuente: La poesía folklórica en Santo Domingo, 2007:‏

670 ## - FUENTE DE DATOS ENCONTRADOS

  • Identificador Uniforme del Recurso: https://viaf.org/processed/LC%7Cn%20%2088603879

670 ## - FUENTE DE DATOS ENCONTRADOS

  • Identificador Uniforme del Recurso: https://opac.pucmm.edu.do/virtuales/html/Dominicanos2/Flerida/biografia.htm

Powered by Koha